| 000 | 00758nam a2200241 4500 | ||
|---|---|---|---|
| 003 | LK-CoMWRAF | ||
| 005 | 20231116145029.0 | ||
| 008 | 230831b2007 |||||||| |||| 00| 0 eng d | ||
| 020 | _a9781932728705 | ||
| 040 |
_aLK-CoMWRAF _dLK-CoMWRAF _eLK-CoMWRAF |
||
| 041 | _aeng | ||
| 082 |
_a 320.95 _bLAW |
||
| 100 | _aLawoti, Mahendra | ||
| 245 |
_aLooking back, looking forward: _bcentralization, multiple conflicts, and democratic state building in Nepal |
||
| 260 |
_aWashington: _bEast-West Center, _c2007 |
||
| 300 | _axi, 93 p. : maps ; 24 cm. | ||
| 490 |
_aPolicy studies _v43 |
||
| 650 | _aDEMOCRACY-Nepal | ||
| 650 | _aSocial integration--Nepal | ||
| 650 | _aInstitution building--Nepal | ||
| 650 | _aPolitics and government-Nepal | ||
| 942 | _cBK | ||
| 999 |
_c3318 _d3318 |
||